000 00451nam a2200193Ia 4500
005 20240823022236.0
008 240823s9999||||xx |||||||||||||| ||und||
020 _a81-7034-99-3
041 _aENGLISH
082 _A900 N0
100 _aSingh S B
245 0 _a"Hardt,Yeats and Eliot : Towards A Meaning of History"
250 _a1st
260 _c1990
_bBahr
500 _aYES
650 _aHistory
_bGeneral
942 _cBK
999 _c178697
_d178697